ბათუმის შოთა რუსთაველის სახელმწიფო უნივერსიტეტის ბიბლიოთეკა

Методика агрохимических исследовании (ბიბ.ჩანაწერი № 46483)

000 -LEADER
fixed length control field 00643nam a2200217Ia 4500
001 - CONTROL NUMBER
control field 13322
003 - CONTROL NUMBER IDENTIFIER
control field GE_BSU
008 - FIXED-LENGTH DATA ELEMENTS--GENERAL INFORMATION
fixed length control field 181216s||||||||xx |||||||||||||| ||und||
040 ## - CATALOGING SOURCE
Transcribing agency GE_BSU
080 ## - UNIVERSAL DECIMAL CLASSIFICATION NUMBER
Universal Decimal Classification number 631.8(072)
100 ## - MAIN ENTRY--PERSONAL NAME
Personal name Юдин,Ф.А.
245 ## - TITLE STATEMENT
Title Методика агрохимических исследовании
245 ## - TITLE STATEMENT
Statement of responsibility, etc. Ред.Г.Д.Каплан.З.И.Уткина
260 ## - PUBLICATION, DISTRIBUTION, ETC.
Place of publication, distribution, etc. Москва
260 ## - PUBLICATION, DISTRIBUTION, ETC.
Name of publisher, distributor, etc. Колос
260 ## - PUBLICATION, DISTRIBUTION, ETC.
Date of publication, distribution, etc. 1980
300 ## - PHYSICAL DESCRIPTION
Extent 366стр.илл.20см.
300 ## - PHYSICAL DESCRIPTION
Dimensions Библиогр.с.362-363
653 ## - INDEX TERM--UNCONTROLLED
Uncontrolled term Методика агрохимических исследовании
942 ## - ADDED ENTRY ELEMENTS (KOHA)
Koha item type წიგნი
ეგზემპლარები
Withdrawn status Lost status Damaged status Not for loan Date acquired Barcode Date last seen Price effective from Koha item type
        2018-12-17 20856 2018-12-17 2018-12-17 წიგნი